Music Quiz

Random Music or Lyrics Quiz
Score 0/184 Timer 09:00
0 Plays Today
% Correct
CHORUS:
99.6%
(CHORUS)
99.6%
I
99.6%
I
99.6%
I
99.6%
(CHORUS)
99.6%
(CHORUS)
99.6%
I
99.6%
The
98.7%
your
98.7%
the
98.7%
the
98.7%
I'll
98.7%
be
98.7%
I'll
98.7%
your
98.7%
the
98.7%
I'll
98.7%
be
98.7%
your
98.7%
I'll
98.7%
be
98.7%
I'll
98.7%
be
98.7%
I'll
98.7%
be
98.7%
the
98.7%
your
98.7%
the
98.7%
You're
98.7%
you're
98.7%
the
98.7%
I'll
98.7%
be
98.7%
I'll
98.7%
the
98.7%
the
98.7%
the
98.7%
The
98.7%
your
98.5%
your
98.5%
your
98.5%
you
98.2%
of
96.5%
of
96.5%
of
96.5%
of
96.5%
of
96.5%
of
96.5%
of
96.5%
of
96.5%
of
96.5%
shoulder,
95.2%
greatest
94.8%
greatest
94.8%
...greatest
94.8%
life.]
94.7%
life
94.7%
life.
94.7%
crying
94.3%
love's
93.6%
love.
93.4%
% Correct
love
93.4%
love.
93.4%
fan
93.2%
fan
93.2%
fan
93.2%
I'm
92.6%
in
92.4%
in
92.4%
in,
92.4%
when
92.3%
and
91.9%
And
91.9%
and
91.9%
And
91.9%
[And
91.9%
older,
91.5%
better
90.4%
my
89.7%
my
89.7%
my
89.7%
my
89.7%
my
89.7%
my
89.7%
suicide.
89%
eyes
88.8%
me
88%
me
88%
me
88%
we
86.9%
we
86.9%
we
86.9%
that
86%
that
86%
that
86%
that
86%
that
86%
that
86%
from
84.5%
from
84.5%
from
84.5%
from
84.5%
from
84.5%
from
84.5%
on
83.6%
on,
83.6%
color
83.2%
wonderful
81.8%
Tell
80.1%
Tell
80.1%
belong
79.4%
belong
79.4%
them
79.2%
together,
79%
together,
79%
it
78.1%
it
78.1%
stop
77.2%
up,
76.8%
breath.
75.9%
with
75.3%
with
75.3%
up
74.8%
% Correct
living
74.8%
up
74.8%
steal
74.2%
rain
74%
proof
73.7%
as
73.3%
roof
73.1%
tin
72.9%
dead.
72.7%
dead.
72.7%
falls
72.6%
bed.
72.6%
their
72%
strands
71.5%
lie
71.1%
hang
70.5%
hang
70.5%
hang
70.5%
hang
70.5%
awake
70.2%
is
70.2%
mountains
69.1%
trappings
68.5%
lips,
68.5%
angry
68.5%
trappings
68.5%
lips
68.5%
never
66.9%
dress
65.9%
dress
65.9%
not
65.6%
sky,
64.8%
captivated,
64.8%
captivated,
64.8%
back
64.6%
revealing
63.4%
above.
63.4%
above.
63.4%
Emeralds
62.1%
alive,
61.9%
survival,
61.3%
heartache
60.8%
heartache
60.8%
way
60.4%
said.
60%
depth.
59.3%
out,
58.9%
gallows
58%
gallows
58%
instead
56.9%
instead
56.9%
thing
53.8%
turned
51.4%
fought
47.7%
towards
45.3%
dropped
45.1%
remembered
44%
thrust
43.5%
tuned
43.5%
burned
41.3%
Remove Ads.
Support Sporcle.
Get the best of Sporcle when you Go Orange. This ad-free experience offers more features, more stats, and more fun while also helping to support Sporcle. Thank you for becoming a member.

You're not logged in!

Compare scores with friends on all Sporcle quizzes.
OR
Log In

Show Comments

Extras

Top Quizzes Today


Score Distribution

Your Account Isn't Verified!

In order to create a playlist on Sporcle, you need to verify the email address you used during registration. Go to your Sporcle Settings to finish the process.

Report this User

Report this user for behavior that violates our Community Guidelines.

Details: